[Event "Hoogeveen Essent Crown"]
[Site "Hoogeveen"]
[Date "2004.10.18"]
[Round "2"]
[White "Short, Nigel D"]
[Black "Stellwagen, Daniel"]
[Result "1-0"]
[WhiteElo "2687"]
[BlackElo "2512"]
[Annotator "Ribli,Z"]
[PlyCount "75"]
[EventDate "2004.10.17"]
[EventType "tourn"]
[EventRounds "6"]
[EventCountry "NED"]
[EventCategory "15"]
[SourceTitle "CBM 104"]
[Source "ChessBase"]
[SourceDate "2005.01.27"]
[SourceVersion "1"]
[SourceVersionDate "2005.01.27"]
[SourceQuality "1"]

1. e4 c5 2. Nf3 e6 3. d4 cxd4 4. Nxd4 Nc6 5. Nc3 Qc7 6. Be2 a6 7. O-O Nf6 8.
Kh1 Nxd4 9. Qxd4 Bc5 10. Qd3 {Die Alternative 10.Qd2 (mit der Idee 11.Qg5)
wird auch in einigen Partien gespielt, aber der Textzug ist beliebter.} b5 11.
f4 Bb7 12. Bf3 h5 13. e5 (13. Bd2 Ng4 14. Qe2 g6 {The kingside holes look ugly.
} 15. Rac1 ({The point of 14...g6 is} 15. Bxg4 hxg4 16. Qxg4 b4 17. Ne2 Bxe4 {
but it still looks contrived.}) 15... Rc8 16. a3 f5 17. h3 {White doesn't get
carried away trying to blast open the centre to catch the black king. That
would make Black's bishops work powerfully against White's own king. Instead
he supports the centre and slowly pushes Black back.} Kf7 {1-0 Short,N-Magem
Badals,J/Pamplona 1999/CBM 75/[McShane] (32)}) 13... Ng4 14. Bxb7 Qxb7 15. Ne4
Rc8 {[%csl Gb7,Gc8,Gg4][%cal Gc8c1] Weiß hat einen offensichtlichen
Raumvorteil und das d6-Feld ist ein positionelles Loch in der schwarzen
Stellung. Andererseits stehen die schwarzen Figuren aktiv.} 16. a4 {Mit diesem
typischen Zug schwächt Weiß den schwarzen Damenflügel.} b4 17. c4 {Dieser
Bauernzug wird nicht häufig gespielt - in einigen Partien spielt Weiß 17.Bd2
Be7 18.c4 bxc3 19.Bxc3.} bxc3 (17... O-O $6 18. b3 $16 (18. Nxc5 Rxc5 19. b3 f6
$132) (18. Ng5 $5 g6 19. Ne4 $16)) 18. bxc3 O-O (18... Be7 19. Ba3 (19. Nd6+ $6
Bxd6 20. Qxd6 Rc6 21. Qa3 Qc7 22. Rb1 f6 23. Qb4 Kf7 24. Ba3 Re8 {0-1 Brustman,
A-Rotstein,A/Geneve op 1996/EXP 51 (52)}) (19. c4 O-O 20. Ba3 Bxa3 21. Rxa3 Qc6
22. c5 Rb8 23. Ng5 g6 24. h3 Nh6 25. Ne4 Nf5 {1/2-1/2 Volokitin,A-Macieja,B/
Katernberg GER 2003/(46)}) 19... Bxa3 20. Rxa3 O-O 21. h3 $14 (21. Ng5 g6 $13)
21... Nh6 22. Nd6 {[%csl Gd6][%cal Rd6b7,Rd6c8]} Qb2 23. Nxc8 $6 (23. c4 $1 Rb8
24. c5 $16) 23... Qxa3 24. Nb6 (24. Qxa6 Nf5 $132) (24. Nd6 Qxa4 $13) 24... h4
$1 {[%csl Yg3][%cal Gh6f5,Gf5g3]} 25. Nxd7 Rc8 {[%csl Rc3]} 26. Qxa6 Qxc3 $44 {
0-1 Nakamura,H-Handke,F/Bermuda 2002/CBM 88[Ribli Zoltan] (80)}) 19. h3 (19.
Nxc5 Rxc5 20. Ba3 Rd5 21. Qf3 (21. Qh3 Rc8 22. Qxh5 Ne3 23. Rf3 Rxc3 $132 24.
Rh3 $4 Rd1+ 25. Rxd1 Qxg2#) (21. Qe2 Rc8 22. h3 Nh6 $13 {[%csl Yg3][%cal Gh6f5,
Gf5g3]}) 21... Rc8 22. h3 Nh6 {'~~' Ribli Zoltan.} 23. Qxh5 Rxc3 $15) 19... Nh6
20. Qf3 {[%cal Rf3h5,Rf3b7,Re4f6] Der h5P hängt und Weiß droht 21.Nf6+ mit
Damengewinn.} Qb3 21. Qxh5 Nf5 $44 {Schwarz hat einen Bauern weniger,
kontrolliert aber sehr stark die weißfarbigen Felder und desweiteren sind die
weißen Bauern am Damenflügel (a4P und c3P) schwach.} 22. Kh2 {Es droht jetzt
23.Ng5.} Be7 23. Bd2 Rc4 {[%csl Gb3,Gc4,Gf5]} 24. Qe2 Rxa4 $6 {[%mdl 16384]
Mit diesem Zug gewinnt Schwarz den Bauern zurück, aber im Folgenden bekommt
Weiß einen starken Angriff am Königsflügel. Die Alternative scheint mir
vorsichtiger und besser zu sein.} (24... Rfc8 $1 25. Qd3 $1 Qb7 (25... Rd4 $2
26. Qxa6) 26. Rfe1 $14) 25. Rxa4 Qxa4 26. g4 d5 {Schwarz muss so spielen,
sonst bleibt er in einer passiven Stellung.} (26... Nh4 27. f5 $40) 27. Nf6+ $1
Bxf6 28. gxf5 $16 {[%mdl 128]} (28. exf6 Nd6 29. fxg7 Re8 $1 $132) 28... Bd8
29. f6 g6 30. Qg4 $1 {Die Dame strebt in die Nähe des schwarzen Königs. Der
weiße Angriff kommt langsam, aber sicher, Schwarz hat praktisch keine
Verteidigung.} Qb5 (30... Qc2 31. Rf2 Qf5 32. Qh4 Qh5 33. Qxh5 gxh5 34. Rg2+
Kh8 35. Rg5 $16) 31. Rf2 {[%cal Gf2g2,Gg2g8]} Bb6 32. Rg2 Rb8 (32... Ra8 33.
Qh5 Qe8 34. f5 exf5 35. e6 $1 $18) 33. Qh5 {[%csl Rg8][%cal Rg2g8] Droht jetzt
34.Rxg6+ mit sofortigem Gewinn.} Qe8 34. f5 exf5 35. Qh6 $1 $18 (35. e6 $4 Bc7+
{[%csl Rh2] Nach diesem Zug befindet sich der weiße König im Mattnetz.} 36. Kh1
Rb1+ $19) 35... Qxe5+ (35... Qf8 36. Rxg6+ fxg6 37. Qxg6+ Kh8 38. Bh6 $18) 36.
Bf4 Qxf6 37. Bxb8 Qxc3 38. Bd6 $1 (38. Bd6 $1 Qf6 39. Qf8+ Kh7 40. Re2 $18) 1-0

[Event "RUS-Cup10"]
[Site "Tomsk"]
[Date "1997.07.28"]
[Round "7"]
[White "Kotsur, Pavel"]
[Black "Landa, Konstantin"]
[Result "1-0"]
[WhiteElo "2500"]
[BlackElo "2560"]
[Annotator "Ribli,Z"]
[PlyCount "59"]
[EventDate "1997.07.21"]
[EventType "swiss"]
[EventRounds "9"]
[EventCountry "RUS"]
[SourceTitle "EXT 2000"]
[Source "ChessBase"]
[SourceDate "1999.11.16"]
[SourceVersion "1"]
[SourceVersionDate "1999.11.16"]
[SourceQuality "1"]

1. e4 c5 2. Nf3 e6 3. d4 cxd4 4. Nxd4 Nc6 5. Nc3 Qc7 6. a3 {Nach meiner
Auffassung ist das eine recht genügsame Fortsetzung, nach der Schwarz das
Spiel ausgleichen kann.Ribli.} a6 7. Be2 Nf6 (7... b5 8. Nxc6 dxc6 $5 (8...
Qxc6 9. O-O Bb7 10. Bf3 Qc7 11. e5 Rc8 12. Bxb7 Qxb7 13. Bf4 Ne7 $11 {Schwarz
steht vor Entwicklungsproblemen, aber er hat gute Kontrolle über die weißen
Felder.})) 8. O-O Nxd4 {Das ist eine prinzipielle Antwort. Weiß bekommt gute
taktische Gegenchancen.} (8... Bd6 $142 $5 {Ich möchte Schwarz diese
Fortsetzung empfehlen.} 9. g3 Nxd4 10. Qxd4 b5 11. Bg5 Be5 12. Qd3 Bb7 13. Bf3
Rc8 14. Bd2 h5 15. Bg2 h4 $36 {0-1 De Jonge,F-Kogan,A/Vlissingen op 1996 (23)})
9. Qxd4 Bd6 (9... Bc5 10. Qd3 O-O 11. Kh1 Be7 12. f4 d6 13. g4 b5 14. g5 Nd7
15. Qg3 Bb7 16. Bf3 {1-0 Barua,D-Al Modiahki,M/Dubai Asian Cities 1992 (33)})
10. Kh1 (10. h3 Bh2+ (10... b5 11. Kh1 Be5 12. Qe3 Bb7 13. Bd3 Bxc3 14. bxc3
O-O 15. Bd2 Qc6 16. Rfe1 e5 17. Qg3 Rfe8 18. Rab1 Qe6 19. a4 $14 {Prasad,
D-Damljanovic,B/Kolhapur 1987}) 11. Kh1 Be5 12. Qd3 b5 13. Nxb5 axb5 14. f4 Bd6
(14... b4 15. fxe5 Ba6 16. axb4 Bxd3 17. Rxa8+ Ke7 18. exf6+ gxf6 19. Rxh8 Bxe2
20. Bh6 {[%cal Rh6f8]} f5 21. Bg5+ f6 22. Rxh7+ Kd6 23. Rxf5 $18 {Zelcic,
-Matulovic,Beograd 1986.}) 15. e5 Be7 16. exf6 Bxf6 17. Qxb5 Qxc2 18. Bd3 Qc7
19. Qh5 g6 20. Qh6 Bb7 21. Rb1 Qd6 22. Be2 Be4 {0-1 Pared Estrada,L-Pecorelli
Garcia,H/Cuba 1989 (26)}) (10. g3 b5 11. Be3 Be5 12. Qb6 Qxb6 13. Bxb6 Bxc3 14.
bxc3 Nxe4 15. Bf3 Bb7 16. a4 bxa4 17. Rxa4 Nxc3 18. Bxb7 Nxa4 19. Bxa8 Nxb6 {
Trangoni,B-Zapolskis,A/Hlohovec op 1994/0-1 (48)}) 10... b5 (10... Be5 11. Qd3
(11. Qe3 d5 12. exd5 O-O 13. dxe6 Bxe6 14. Bd2 Rad8 15. h3 Rfe8 16. Bd3 Bd7 17.
Qg5 h6 18. Qh4 Bf5 19. Bxf5 Rxd2 20. Bd3 Bxc3 21. bxc3 Qxc3 22. a4 {Short,
N-Miladinovic,I/Elenite 1995/CBM 50/1-0 (41)}) 11... b5 (11... Bxc3 12. bxc3 d5
13. exd5 Nxd5 14. c4 Ne7 15. Bb2 O-O 16. Rad1 Nc6 17. f4 f6 18. c5 {1-0 Kuzmin,
G-Dumitrache,D/Cappelle la Grande op 1997/EXP 57 (34)}) 12. f4 Bxc3 13. bxc3
Bb7 14. e5 Nd5 (14... Ne4 {=/+ Abramovic,B-Taimanov,M/Montpellier 1986}) 15.
Rf3 Rc8 16. Bd2 Ne7 17. Rh3 h6 18. Qg3 Nf5 19. Qg4 O-O 20. Bd3 f6 21. Bxf5 exf5
22. Qg6 Qc6 23. Rg3 Rf7 {0-1 Diaz,J-Larsen,B/Biel izt 1976 (49)}) 11. Qd3 Bf4
$6 (11... Be5 $5 12. Nxb5 axb5 13. f4 Bd6 14. e5 Be7 15. exf6 Bxf6) 12. Bxf4
Qxf4 13. g3 $14 {Weiß besitzt großen Entwicklungsvorteil. Mit seinem letzten
Zug bereitet er weiteren Raumgewinn mit f4 und e5 vor. Der weiße König steht
nur scheinbar schlecht auf h1,denn er kann nach f4 mit Bf3 fortsetzen.} Qc7 14.
f4 Bb7 (14... O-O 15. e5 Bb7+ 16. Bf3 {Und Weiß hat starken positionellen
Druck, insbesondere auf der d-Linie.}) 15. Bf3 d6 16. Rad1 (16. e5 $5 Bxf3+ (
16... dxe5 17. Nxb5 (17. fxe5 Rd8 $13) 17... axb5 18. Qxb5+) 17. Qxf3 Nd5 18.
Nxd5 exd5 19. Qxd5 $16) 16... O-O-O (16... Rd8 $6 17. e5 Bxf3+ 18. Rxf3 dxe5
19. Qxd8+ Qxd8 20. Rxd8+ Kxd8 21. fxe5 {[%csl Rf7]}) 17. a4 {Der schwarze
König findet keine Ruhe am Damenflügel.} b4 (17... bxa4 $5 18. Nxa4 Kb8 $14)
18. Na2 Qb6 (18... a5 19. c3 $36) 19. c3 b3 $6 (19... bxc3 20. Nxc3 (20. b4 Kb8
) 20... Kb8) 20. Nc1 {[%csl Rb3,Rc8]} Nd7 (20... h5 21. c4 (21. a5 Qxa5 22.
Nxb3 $14) 21... h4 22. g4) (20... d5 21. e5 Ne4 22. Qd4 $1 $16 {[%csl Rb3,Gd4]}
(22. Bxe4 $2 {Dieser Zug kommt Schwarz entgegen, weil er die lange Diagonale
a8-h1 öffnet.} dxe4 $13)) 21. a5 {Weiß muß sich mit diesem Zug ran halten,
sonst kommt Schwarz zu dem ausgezeichneten Zug 21...Nc5.} Qxa5 22. Nxb3 Qa4 (
22... Qb6 23. Nd2 {[%cal Gd2c4]} Nc5 24. Qd4 $14) 23. Nd2 Nc5 24. Qe3 (24. Qd4
Qxd4 {Schwarz kann mit dem Damentausch zufrieden sein.} 25. cxd4 Nd3) 24... Nb3
25. Nxb3 Qxb3 26. Rd4 $16 {[%csl Gd4][%cal Rd4b4] Das Eingreifen des Turms ist
sehr gefährlich für Schwarz. Er kann seine Königsstellung kaum verteidigen.}
Rd7 (26... Qxb2 27. Rc4+ Kd7 (27... Kb8 28. Rb4 Qc2 29. Rfb1 Rd7 30. R1b2 {
[%csl Rc2]}) 28. Rb4 $18) 27. Rb4 Qa2 (27... Qc2 28. Rc1 $18) 28. Qb6 Rhd8 (
28... h5 {Das wäre die einzige Chance für Schwarz.} 29. e5 (29. Be2 h4 (29...
d5) 30. Bc4 Bxe4+ (30... hxg3 31. Bxa2 Rxh2+ 32. Kg1 $18) 31. Kg1 $18) (29. Bd1
h4 30. Bb3 $2 $19 Qxb2 31. Bxe6 Bxe4+ $1) (29. h4 $16) 29... d5) 29. Rd1 h5 30.
Rxd6 $18 {Schwarz gab auf, da seine Königsstellung nicht verteidigungsfähig
ist.Ribli.} (30. Rxd6 Qb1+ (30... Rxd6 31. Qxb7#) 31. Kg2 Qc2+ 32. Kh3 $18 {
Und der schwarze König befindet sich in einer aussichtslosen Situation.}) 1-0

[Event "Bonn GSK"]
[Site "Bonn"]
[Date "1996.??.??"]
[Round "?"]
[White "Kveinys, Aloyzas"]
[Black "Ruzele, Darius"]
[Result "1/2-1/2"]
[WhiteElo "2530"]
[BlackElo "2520"]
[Annotator "Ribli,Z"]
[PlyCount "76"]
[EventDate "1996.08.??"]
[EventType "tourn"]
[EventRounds "12"]
[EventCountry "GER"]
[EventCategory "12"]
[SourceTitle "CBM 056"]
[Source "ChessBase"]
[SourceDate "1997.02.01"]
[SourceVersion "1"]
[SourceVersionDate "1997.02.01"]
[SourceQuality "1"]

1. e4 c5 2. Nf3 e6 3. Nc3 Nc6 4. d4 cxd4 5. Nxd4 Qc7 6. g3 a6 7. Bg2 Nf6 8. O-O
Bc5 9. Bf4 (9. Nxc6 $1 dxc6 10. Na4 Ba7 11. c4 b5 12. e5 $1 $36 {Leko,
P-Illescas,M/Leon/1996/CBM54/}) 9... e5 10. Nb3 exf4 11. Nxc5 d6 12. Nd3 fxg3
13. hxg3 (13. fxg3 Be6 14. Qd2 Ne5 15. Kh1 O-O-O $13) 13... Ne5 $146 (13... h5
14. Nd5 Nxd5 (14... Qd8 15. Qe1 Kf8 16. Qc3 Nxd5 17. exd5 Ne7 18. Rae1 Bf5 $13
{Ivanov,AV-DeFirmian,N/USA-ch/1995/CBM51/}) 15. exd5 Ne7 16. Re1 Kf8 17. Nf4 h4
18. g4 Bd7 19. Qf3 Qxc2 20. Rac1 $36 {Szmetan,J-Milos,G/Mar del Plata/1996/
EXP51/}) (13... Be6 $5 {Leko}) 14. Nxe5 (14. Nf4 Be6 15. Nxe6 fxe6 16. f4 Qc5+)
14... dxe5 15. Nd5 Nxd5 (15... Qd8) 16. exd5 (16. Qxd5 Be6 $10) 16... Qd6 17.
c4 O-O 18. Qd2 a5 19. a3 f5 20. b4 f4 $13 21. c5 Qh6 22. d6 (22. Be4 Bh3 (22...
Bf5 23. Rfe1 $2 fxg3 24. Qxh6 gxf2+) 23. Rfe1 $2 (23. Rfd1) 23... fxg3 24. Qxh6
gxf2+ $19) 22... f3 23. Qxh6 gxh6 24. Bh1 {Weiß verfügt über eine sehr
gefährliche Bauernkette a3-b4-c5-d6, aber er spielt ohne den Läufer auf h1.
Ribli.} Bd7 25. Rfe1 axb4 26. axb4 Rxa1 27. Rxa1 e4 28. Re1 Re8 (28... Bc6 29.
b5 Bd5 30. Rd1) 29. g4 {Weiß muß diesen Zug machen, um den Nachteil seiner
Läufer- und Königsstellung zu kompensieren.Ribli.} h5 $1 (29... Bxg4 30. Kh2 {
Und weisse Koenig kommt auf g3-f4.}) 30. gxh5 Kf7 31. Kh2 Kf6 32. Kg3 Kf5 33.
Kh4 Rg8 $17 {Droht 34...Kf4 mit Matt.} 34. Bxf3 $8 exf3 35. Re7 Be6 (35... Rd8
36. Rxh7) 36. d7 Kf6 $2 {Ich denke, das ist eine Halluzination in Zeitnot.
Ribli.} (36... Rd8 $1 37. Rxh7 Rxd7 {Und Schwarz sollte gewinnen.Ribli.}) 37.
Rxh7 Rg4+ 38. Kh3 Rg2+ {Die Stellung wurde Remis gegeben, denn nach 39.Kh4
kann Schwarz nicht 39...Rh2 40.Kg3 Rh3 spielen wegen 41.Kf4.Ribli.} (38... Ke5
$2 39. d8=Q Rg2+ 40. Kh4 Rh2+ 41. Kg5 $18 (41. Kg3 $4 Rh3#)) 1/2-1/2

[Event "FIDE-Wch k.o."]
[Site "Groningen"]
[Date "1997.12.09"]
[Round "1.1"]
[White "Milos, Gilberto"]
[Black "Murshed, Niaz"]
[Result "1-0"]
[WhiteElo "2590"]
[BlackElo "2490"]
[Annotator "Ribli,Z"]
[PlyCount "65"]
[EventDate "1997.12.09"]
[EventType "k.o."]
[EventRounds "7"]
[EventCountry "NED"]
[SourceTitle "CBM 063"]
[Source "ChessBase"]
[SourceDate "1998.03.26"]
[SourceVersion "1"]
[SourceVersionDate "1998.03.26"]
[SourceQuality "1"]

1. e4 c5 2. Nf3 e6 3. d4 cxd4 4. Nxd4 Nc6 5. Nc3 Qc7 6. Be2 a6 7. O-O Nf6 8.
Kh1 {Die andere Hauptfortsetzung für Weiß wäre 8.Be3. Nach dem Partiezug kann
Schwarz 8...d6 mit Übergang in die Scheveninger Variante spielen, während auch
die Alternativen 8...b5 oder 8...Nxd4 möglich sind. Ribli.} (8. Bg5 $6 {
Dieser Läuferzug ist nicht gefährlich für Schwarz.} Be7) 8... Bb4 9. Bg5 Bxc3 (
9... Qd6 $5 10. Nxc6 Qxd1 11. Nxd1 bxc6 12. e5 Ne4 (12... Nd5 13. c4 Ne7 14. a3
Ba5 15. Be3 f6 16. exf6 gxf6 17. b4 Bc7 {1/2-1/2 Lukin,A-Kochyev,A/St.
Petersburg-ch 1995}) 13. Be3 f6 14. f3 Ng5 15. Nf2 (15. Bxg5 fxg5 16. Nf2 Rf8
17. Bd3 g6 18. Ne4 Be7 19. Rae1 a5 20. a4 Kd8 21. g4 Rb8 22. b3 Kc7 23. Kg2 Rb4
24. Bc4 Rxc4 25. bxc4 Ba6 $44 {0-1 Arakhamia,K-Miladinovic,I/GRE-chT 1996 (59)}
) 15... Nf7 16. Nd3 Be7 17. f4 a5 18. c4 (18. b3 Nh6 19. g4 Nf7 20. Rad1 a4 21.
Kg2 axb3 22. axb3 Ra2 {0-1 Cela,A-Miladinovic,I/Ano Liosia op 1996 (31)}) 18...
Rb8 19. Bd4 Ba6 20. Rac1 fxe5 21. fxe5 O-O 22. Rfd1 Rfc8 23. Bc5 Bxc5 24. Nxc5
Rxb2 25. Bh5 Nxe5 26. Nxa6 c5 27. Rb1 Rxa2 28. Nxc5 g6 29. Nxd7 Nxd7 30. Rxd7
gxh5 31. h3 Rf2 32. Rbb7 {1-0 Minasian,A-Rotstein,A/Cannes op 1995 (47)}) 10.
Bxf6 gxf6 (10... Bxd4 11. Bxd4 Nxd4 12. Qxd4 $14 {[%csl Rc8] Weiß kontrolliert
mehr Raum und hat Entwicklungsvorteil.}) 11. bxc3 {Eine Stellung mit
beiderseitigen Schwächen (die Doppelbauern). "Beide Spieler stehen schlecht!",
aber nach meiner Meinung bietet die Variante dem Weißen wegen der sicheren
Königsstellung leichten Vorteil.} d6 (11... Ne7 12. Qd2 (12. c4 b6 13. Qd2 Bb7
14. Bd3 Rg8 15. Rab1 {[%csl Rb6]} O-O-O $13) 12... d5 13. exd5 Nxd5 14. c4 (14.
Qh6 Qf4 $13) 14... Nf4 15. Bf3 O-O 16. Ne2 Nxe2 17. Bxe2 Kg7 18. Bd3 Bd7 19.
Rae1 h5 20. Re3 h4 21. Re4 Rh8 22. Rg4+ Kf8 23. Qb4+ Ke8 24. h3 e5 25. Re4 Bc6
26. Re2 a5 27. Qe1 Kf8 28. Be4 Re8 29. f4 {1-0 Torre,E-Beliavsky,A/Bugojno
1984 (40)}) (11... b5 12. f4 Bb7 13. Bd3 $14) 12. Qd2 (12. f4 $5 {Dieser Zug
ist sehr logisch. Im Folgenden kann Weiß die Stellung mit e4-e5 öffnen.} Bd7
13. Rb1 Ke7 14. Qe1 h5 15. Qh4 Rh6 16. Bf3 Na5 17. e5 {+- Zichichi,
A-Giustolisi,A/Italia (ch) 1976}) 12... Bd7 (12... h5 13. Rad1 Bd7 14. Qf4 Ke7
15. Qh4 {[%csl Re7]} Rag8 16. f4 {Das ist für Weiß immer ein Schlüsselzug in
dieser Variante.} Nxd4 17. cxd4 Qxc2 18. Bf3 Rh6 19. f5 e5 20. dxe5 dxe5 21.
Qe1 Qc5 22. Qd2 {1-0 Nisipeanu,L-Plump,D/Berliner Sommer 1997 (23)}) 13. Rad1
$14 Ke7 (13... O-O-O 14. Nb3 {[%csl Rd6]} Be8 15. Qh6 Qe7 16. f4 $14) 14. f4 {
[%csl Re7] Weiß besitzt noch keine konkreten Drohungen, aber wo ist das
schwarze Gegenspiel. Seine einzige Chance ist der weiße Doppelbauer.} Rac8 (
14... h5) (14... Rad8) 15. Nb3 $5 (15. f5 e5 (15... Ne5 16. fxe6 fxe6 17. Qh6
$36 {[%csl Re7,Rf6]} Rhf8 (17... Rcf8 18. Qg7+ Kd8 19. Rxf6 $16) 18. Qxh7+ Rf7
19. Qh6 Qxc3 20. Bh5 $16) 16. Nb3 Rcd8) 15... Rcd8 {Jetzt oder später muß
Schwarz so spielen. In einigen Varianten kommt Weiß mit Rf3-d3.} 16. Qe1 $1 Na5
17. Nd4 (17. Nxa5 Qxa5 $11) 17... h5 (17... Nc6 18. Nf3 $14) 18. Qh4 $1 {
[%csl Re7,Gh4][%cal Gh4e7] Die weiße Dame steht sehr stark auf h4.} Nc6 19. Nf3
Rhg8 {[%cal Rg8g4]} 20. Nd2 (20. Qxh5 $4 Rh8 21. Qg4 Rdg8 $19) 20... Na5 $6 (
20... Rh8 21. Nc4 (21. Bxh5 Rh6) (21. e5 dxe5 22. Ne4 Rh6) 21... Bc8 22. e5 $40
) {[#]} 21. e5 $1 $16 {Ein typischer, aber immer wieder schöner Durchbruch.
Die schwarze Königsstellung in der Mitte ist nicht verteidigungsfähig.} dxe5
22. Ne4 {[%csl Rf6]} Rg6 23. Bxh5 Rh6 (23... Rh8 {Leider geht dieser Turmzug
nicht. Der Turm muß den d7-Läufer verteidigen.} 24. Nxf6 Rxf6 25. Rxd7+ Qxd7 (
25... Kxd7 26. Qxf6 Rxh5 27. Qxf7+ $18) 26. fxe5 $18 {[%csl Rf6]}) 24. Nxf6
Rxf6 25. fxe5 Qxe5 26. Rde1 Qxc3 (26... Ke8 27. Qxf6 (27. Rxf6 $18) (27. Rxe5
$4 Rxf1#) 27... Qxh5 28. Re5 $18) 27. Rf3 Qxe1+ (27... Qb2 28. c3 $18 {[%csl
Re7,Rf6][%cal Rh4f6]}) 28. Qxe1 Rxf3 (28... Nc6 29. Qh4 $18 {[%csl Rf6]}) 29.
Bxf3 {Schwarz hat Turm und Springer für die Dame, aber das Hauptproblem ist
die noch immer sehr aktive weiße Stellung. Schwarz kann seine Position nicht
halten.} Nc6 30. Qh4+ $18 f6 (30... Kd6 31. Bxc6 $18) (30... Ke8 31. Qf6 $18 {
[%csl Re8][%cal Rf3h5,Rh2h4,Rh4h5,Rh5h6,Rh6h7,Rh7h8]}) 31. Qh7+ Kd6 32. Qg7 f5
33. h4 {Schwarz gab auf. Der weiße h-Bauer entscheidet die Partie. Ribli.} 1-0